| 000 | 00851nam a2200289Ia 4500 | ||
|---|---|---|---|
| 003 | OSt | ||
| 005 | 20221007124006.0 | ||
| 006 | a|||||r|||| 00| 0 | ||
| 007 | ta | ||
| 008 | 221006b |||||||| |||| 00| 0 eng d | ||
| 020 | _a9788180522314 (pbk) | ||
| 024 | _a83548 | ||
| 037 | _cTextbook | ||
| 040 |
_aCDL _cCDL _beng |
||
| 041 |
_2eng _aeng |
||
| 082 | _aLZ3:(E), P8;P9-;1 Carc | ||
| 100 | _aAhluwalia V K | ||
| 245 | 0 |
_aMedicinal chemistry _b Chopra Madhu |
|
| 260 |
_aNew _bDelhi Ane Books _c2009 |
||
| 300 |
_axxii, 340p. _ccm. |
||
| 500 | _aIncludes bibliographical references.; Index 329-340p. | ||
| 650 |
_a Medicinal chemistry _9712223 |
||
| 650 | _aChemistry | ||
| 700 | _a Chopra Madhu | ||
| 942 |
_hLZ3:(E), P8;P9-;1 Carc _cTB _2CC |
||
| 999 |
_c1212765 _d1212765 |
||